| 000 -LEADER |
| fixed length control field |
00559nam a22001937a 4500 |
| 003 - CONTROL NUMBER IDENTIFIER |
| control field |
OSt |
| 005 - DATE AND TIME OF LATEST TRANSACTION |
| control field |
20210421080002.0 |
| 008 - FIXED-LENGTH DATA ELEMENTS--GENERAL INFORMATION |
| fixed length control field |
210225s1953 ||||| |||| 00| 0 eng d |
| 040 ## - CATALOGING SOURCE |
| Original cataloging agency |
eng |
| Language of cataloging |
eng |
| Transcribing agency |
DLC |
| 041 ## - LANGUAGE CODE |
| Language code of text/sound track or separate title |
eng |
| 080 ## - UNIVERSAL DECIMAL CLASSIFICATION NUMBER |
| Universal Decimal Classification number |
821.111 |
| Item number |
S-86 |
| 100 ## - MAIN ENTRY--PERSONAL NAME |
| 9 (RLIN) |
253 |
| Personal name |
Stout, Rex |
| 245 ## - TITLE STATEMENT |
| Title |
Out Goes She |
| Remainder of title |
: A Nero Wolfe Mystery |
| Statement of responsibility, etc. |
/ by: Collins Fontana Books |
| 260 ## - PUBLICATION, DISTRIBUTION, ETC. |
| Place of publication, distribution, etc. |
London |
| Name of publisher, distributor, etc. |
Collins Fontana Books |
| Date of publication, distribution, etc. |
1953 |
| 300 ## - PHYSICAL DESCRIPTION |
| Extent |
192 p. |
| 650 #0 - SUBJECT ADDED ENTRY--TOPICAL TERM |
| 9 (RLIN) |
247 |
| Topical term or geographic name entry element |
English literature |
| 653 ## - INDEX TERM--UNCONTROLLED |
| Uncontrolled term |
ინგლისური ლიტერატურა |
| 942 ## - ADDED ENTRY ELEMENTS (KOHA) |
| Source of classification or shelving scheme |
|
| Koha item type |
Books |